| 000 | 03862nim a2200637 i 4500 | ||
|---|---|---|---|
| 001 | 197154 | ||
| 003 | ES-MaACL | ||
| 005 | 20250831091721.0 | ||
| 007 | ss zsnzzbimuez | ||
| 008 | 250430s1990 sp n || c spa | ||
| 035 | _a(SpMaBN)a3300835 | ||
| 035 | _a(OCoLC)431050857 | ||
| 040 |
_aSpMaBN _bspa _cSpMaBN _erdc |
||
| 245 | 0 | 0 |
_aJornadas sobre infancia y minusvalía _h[Grabacion sonora] : _ben colaboración con la Federación de Asociaciones de la Comunidad Madrileña |
| 260 |
_aMadrid : _bAteneo de Madrid, _c1990 |
||
| 300 |
_a5 casetes (ca. 450 min) : _bson. ; _c11 cm. + _e1 programa de mano |
||
| 490 | 1 | _3Actos culturales en el Ateneo de Madrid. | |
| 518 | _aGrabado los días 4, 5 y 6 de julio de 1900 en el Salón de Actos del Ateneo de Madrid | ||
| 520 | _aCintas 1 y 2. Día 4. Inauguración de las jornadas y coloquio / coordina: Francisca Julios Puerta, presidenta de la sección / intervienen: José Prat, presidente del Ateneo de Madrid; Rosa Quiles, AMPHEB; Adela Lucas, AUXILIA; María Dolores Garrido, CRECER; Basilio Moreno, jefe sección endocrinología del hospital Gregorio Marañón; José Carlos Martí, jefe sección traumatología de ASEPEYO y Francisco Arroyo Vila, jefe sección urología pediátrica del hospital Gregorio Marañón. Cintas 3 y 4. Día 5. Coloquio / preside: Pedro Navarro Utrilla, profesor de la facultad de medicina de Madrid. / intervienen: Sagrario Contreras, psicóloga de la asociación madrileña padres hijos de espina bífida; María Jesús Mar Domingo, jefa del departamento infantil de psiquiatría del hospital Gregorio Marañón y Francisca Julios Puerta, M.N. Soc. Hispano-Luso americana de psiquiatría. Cinta 5. Día 6. Coloquio / coordinan: Concha Barón y Francisca Julios Puerta / intervienen: Javier Cabada, director del colegio de integración "Jorge Guillén" de Madrid; Maite León, presidenta de la fundación psicoballet y miembro del comité de arte y creatividad europea y Pilar Gómez Cano, jefa del equipo de psicología de la fundación psicoballet. | ||
| 540 | _aDocumento inédito. | ||
| 594 | _5Datos basados en el programa de las jornadas. | ||
| 610 | 2 | 0 |
_aAteneo de Madrid- _xActos culturales- _y1990- _vGrabaciones sonoras _9240083 |
| 650 | 7 |
_aMinusvalías- _9142498 _xClasificación |
|
| 653 | _aArchivo de la palabra | ||
| 655 | 0 |
_aConferencias _9234444 |
|
| 700 | 1 |
_993665 _aPrat, José, _d1905-1994 _eaft |
|
| 700 | 0 |
_967251 _aJulios Puerta, Francisca _ecoor |
|
| 700 |
_9240309 _aQuiles, Rosa _eora |
||
| 700 |
_9240310 _aLucas, Adela _eora |
||
| 700 |
_9240311 _aGarrido, María Dolores _eora |
||
| 700 |
_9240313 _aMoreno, Basilio _eora |
||
| 700 |
_9240312 _aMartí, José Carlos _eora |
||
| 700 |
_9240314 _aArroyo Vila, Francisco _eora |
||
| 700 | 1 |
_9240315 _aNavarro Utrilla, Pedro _eora |
|
| 700 |
_9240316 _aContreras, Sagrario _eora |
||
| 700 |
_9240317 _aMar Domingo, María Jesús _eora |
||
| 700 | 0 |
_967251 _aJulios Puerta, Francisca _eora |
|
| 700 | 1 |
_9240318 _aBarón, Concha _ecoor |
|
| 700 |
_9240319 _aCabada, Javier _eora |
||
| 700 | 1 |
_aLeón Fritsch, María Teresa, _d1963-2006 _eora _9240323 |
|
| 700 | 1 |
_9240325 _aGómez Cano, Pilar _eora |
|
| 710 | 2 |
_aAteneo de Madrid _91875 _ehis |
|
| 710 | 1 |
_aFederación Socialista Madrileña _9240170 _eclb |
|
| 710 | 1 |
_aComisión Ejecutiva Federal PSOE _9240171 _eclb |
|
| 710 | 2 |
_aFundación Largo Caballero _94355 _eclb |
|
| 710 | 2 |
_aFundación Pablo Iglesias _eclb _94374 |
|
| 830 | 0 |
_aActos culturales en el Ateneo de Madrid _9240237 |
|
| 852 |
_aES-MaACL _cDEPOZ _pCinta 1 _9205368 |
||
| 852 |
_aES-MaACL _cDEPOZ _pCinta 2 _9205369 |
||
| 852 |
_aES-MaACL _cDEPOZ _pCinta 3 _9205370 |
||
| 852 |
_aES-MaACL _cDEPOZ _pCinta 4 _9205371 |
||
| 852 |
_aES-MaACL _cDEPOZ _pCinta 5 _9205417 |
||
| 942 |
_2udc _cCINTASAUD _n0 |
||
| 999 |
_c197154 _d197154 |
||